000
00238nam a2200097Ia 4500
008
190216s9999||||xx |||||||||||||| ||und||
100
_a
Krishnayyar
245
0
_a
Indiayude Sambathika Preshnangal
260
_b
Kerala Basha Inst
942
_c
BK
999
_c
37880
_d
37880